Pays les plus peuplés du monde en 2100 - Statistiques

Statistiques générales
  • Ce quiz a été pris 35 fois
  • Le résultat moyen est 17 sur 24
Statistiques - réponses
Population
(en million)
Pays % Correct
641 Chine
100%
422 Etats-Unis
97%
164 Brésil
94%
1 509 Inde
94%
126,4 Russie
94%
477 Nigeria
91%
296 Indonésie
85%
131 Mexique
85%
114,6 Phillippines
82%
429 R.D.Congo
82%
209 Bangladesh
79%
202 Egypte
79%
366 Ethiopie
79%
510 Pakistan
79%
137 Soudan
67%
100,6 Irak
61%
104,2 Kenya
61%
262 Tanzanie
61%
149 Angola
55%
120,8 Ouganda
55%
103,7 Côte d'Ivoire
45%
104,1 Mozambique
42%
129 Afghanistan
36%
109,9 Yemen
24%
Aucun quiz correspondant
Distribution des résultats
% des personnes avec chaque résultat
Percentile par nombre de réponses
Votre historique - résultats
Vous n’avez pas pris ce quiz